000
00341nam a2200133Ia 4500
008
151001s9999||||xx |||||||||||||| ||und||
100
_a
विजय अग्रवाल
245
_a
आता उशीर कशाला
250
_a
1
260
_b
इंद्रा
260
_c
2006
300
_a
116
365
_b
21
999
_c
987922
_d
987919